Echelle de mots - De Coran à Limbes - Statistiques

Statistiques générales
  • Ce quiz a été pris 237 fois
  • Le résultat moyen est 28 sur 35
Statistiques - réponses
Description Réponse % Correct
Livre sacré qui guide les pas de millions, écrit en arabe et récité avec ferveur Coran
100%
Il faut en avoir pour affronter ses peurs (retirer une lettre) Cran
92%
Il protège ton cerveau, et parfois il fait un peu flipper à Halloween (ajouter une lettre) Crane
92%
Femelle du canard (retirer une lettre) Cane
91%
Quand la fleur se fatigue et que ses pétales baissent les bras Fane
91%
Couleur du soleil, des bananes et des émojis Jaune
91%
Ensemble des animaux qui peuplent un lieu, de la jungle aux fonds marins (ajouter une lettre) Faune
89%
Ce n’est pas vrai Faux
86%
Loisir, défi ou compétition : avec l'objectif de s’amuser ou gagner (retirer une lettre) Jeu
86%
Très commun avant un prélèvement sanguin, ne pas manger ou boire pendant une longue durée (retirer une lettre) Jeun
86%
Vieille machine qui envoyait des messages avant l’e-mail (retirer une lettre) Fax
85%
Il réchauffe, éclaire… ou détruit tout sur son passage Feu
85%
Plein d’énergie, d’espoir, et parfois de boutons, l’avenir lui appartient ! Jeune
85%
Au rouge, on s’arrête. Au vert, c’est parti ! Feux
84%
Celui qui coupe des rubans et prend des décisions pour les habitants Maire
83%
Endroit particulièrement apprécié par les canards et les grenouilles (retirer une lettre) Mare
83%
Assez ! J’en ai ras le bol ! Marre
82%
Blague EXTREMENT drôle à faire absolument lorsque quelqu'un prononce le mot "Quoi" Feur
80%
Anglicisme glissé dans nos phrases : "encore, toujours plus" More
79%
Délicieux dessert breton aux pruneaux Far
77%
Petite goutte salée qui coule quand le cœur déborde Larme
76%
Verbe passe-partout : on le met à toutes les sauces, que ce soit un gâteau, du sport ou des bêtises ! (ajouter une lettre) Faire
75%
Entre deux mondes, ni tout à fait ici, ni vraiment ailleurs (ajouter une lettre) Limbes
73%
Pour sauter j'appuie sur la _____ espace (ajouter une lettre) Barre
72%
Elément chimique de numéro atomique 5, de symbole B Bore
72%
Mot anglais, souvent entendu dans les jeux ou le sport : "be ___ ! (ajouter une lettre) Fair
71%
Ceux qui ont été, mais qui ne sont plus (ajouter une lettre) Feus
71%
La chenille avant qu'elle décide de péter un plomb et de se transformer Larve
71%
Un jean pas très slim Large
69%
Élément servant à former des mots en rapport avec la pression atmosphérique Bare
67%
Elles fendent l'air, font partie d'outils tranchants (retirer une lettre) Lames
67%
Quand les émotions se multiplient, elles tombent en cascade (ajouter une lettre) Larmes
67%
Complètement zinzin Barge
66%
Outils pour polir, ou fruits verts au goût acidulé Limes
65%
Ce que représente le drapeau de la Corse Maure
52%
Aucun quiz correspondant
Distribution des résultats
% des personnes avec chaque résultat
Percentile par nombre de réponses
Votre historique - résultats
Vous n’avez pas pris ce quiz